Welcome to WEB OPAC of MRSPTU Central Library

Radiological Risk Assessment in the Enviors of Moga and Barnala Districts of Punjab (Record no. 10625)

MARC details
000 -LEADER
fixed length control field 00561nam a22001697a 4500
003 - CONTROL NUMBER IDENTIFIER
control field OSt
005 - DATE AND TIME OF LATEST TRANSACTION
control field 20260113095527.0
008 - FIXED-LENGTH DATA ELEMENTS--GENERAL INFORMATION
fixed length control field 260113b |||||||| |||| 00| 0 eng d
040 ## - CATALOGING SOURCE
Transcribing agency MRSPTU
041 ## - LANGUAGE CODE
Language code of text/sound track or separate title English
100 ## - MAIN ENTRY--PERSONAL NAME
Personal name Supariya Rani/ Supervisor: Sandeep Kansal and Rohit Mehra
245 ## - TITLE STATEMENT
Title Radiological Risk Assessment in the Enviors of Moga and Barnala Districts of Punjab
260 ## - PUBLICATION, DISTRIBUTION, ETC.
Place of publication, distribution, etc. Bathinda
Name of publisher, distributor, etc. Deparment of Physics, MRSPTU
Date of publication, distribution, etc. Oct., 2022
650 ## - SUBJECT ADDED ENTRY--TOPICAL TERM
Topical term or geographic name entry element Physics
856 ## - ELECTRONIC LOCATION AND ACCESS
Uniform Resource Identifier <a href="http://163.47.215.52:8080/jspui/handle/123456789/489">http://163.47.215.52:8080/jspui/handle/123456789/489</a>
942 ## - ADDED ENTRY ELEMENTS (KOHA)
Source of classification or shelving scheme Dewey Decimal Classification
Koha item type Theses & Dissertations
Suppress in OPAC No
Holdings
Withdrawn status Lost status Source of classification or shelving scheme Damaged status Not for loan Collection Home library Current library Date acquired Total checkouts Full call number Barcode Date last seen Price effective from Koha item type
    Dewey Decimal Classification     TH MRSPTU Central Library MRSPTU Central Library 01/13/2026   530 TH-01 01/13/2026 01/13/2026 Theses & Dissertations

Website Designed and Developed by MRSPTU Central Library Team

E-mail Id: librarian@mrsptu.ac.in